000 00652nam a2200217Ia 4500
001 876
003 GE_BSU
008 181216s||||||||xx |||||||||||||| ||und||
040 _cGE_BSU
080 _a323(560)
100 _aДулина,Н.А.
245 _aОсманская империя в международных отношениях(30-40-е годы XIXв.)
245 _bИн-т востоковедения
260 _aМосква
260 _bНаука
260 _c1980
300 _a188стр.
541 _h5л.
653 _aОсманская империя в международных отношениях
942 _cBK
999 _c35037
_d35037